Ang magkaibigan / (Record no. 21687)

000 -LEADER
fixed length control field 00719nam a22001817a 4500
003 - CONTROL NUMBER IDENTIFIER
control field OSt
005 - DATE AND TIME OF LATEST TRANSACTION
control field 20260122090838.0
008 - FIXED-LENGTH DATA ELEMENTS--GENERAL INFORMATION
fixed length control field 260120b xxua|||| |||| 00| 0 eng d
040 ## - CATALOGING SOURCE
Transcribing agency csu
100 ## - MAIN ENTRY--PERSONAL NAME
Personal name Joson, J.R.
Relator term author.
245 ## - TITLE STATEMENT
Title Ang magkaibigan /
Statement of responsibility, etc isinilaysay ni J.R Joson ; guhit ni Randy Torres ; disensyo ni Milton R. de los Santos
260 ## - PUBLICATION, DISTRIBUTION, ETC. (IMPRINT)
Place of publication, distribution, etc [place of publication not identified] :
Name of publisher, distributor, etc [name of publisher not identified],
Date of publication, distribution, etc [date of publication not identified].
300 ## - PHYSICAL DESCRIPTION
Extent 24 pages :
Other physical details color illustrations.
490 ## - SERIES STATEMENT
Series statement The bedtime stories in full color
500 ## - GENERAL NOTE
General note Place of publication, publisher, and date of publication not identified.
700 ## - ADDED ENTRY--PERSONAL NAME
Personal name Torres, Randy.
Relator term gumuhit.
942 ## - ADDED ENTRY ELEMENTS (KOHA)
Koha item type Books
Source of classification or shelving scheme
Holdings
Price effective from Permanent Location Date last seen Not for loan Date acquired Source of classification or shelving scheme Koha item type Lost status Withdrawn status Copy number Source of acquisition Collection code Damaged status Barcode Shelving location Current Location Full call number
2026-01-22Cagayan State University - Carig Library2026-01-22 2026-01-22 Books  1DonationsChildren Section C000617Children SectionCagayan State University - Carig LibraryCS C617 J789
2026-01-23Cagayan State University - Carig Library2026-01-23 2026-01-23 Books  2DonationChildren Section C000823Children SectionCagayan State University - Carig LibraryCS C823 J789
2026-01-23Cagayan State University - Carig Library2026-01-23 2026-01-23 Books  3DonationChildren Section C000824Children SectionCagayan State University - Carig LibraryCS C824 J789
2026-01-27Cagayan State University - Carig Library2026-01-27 2026-01-27 Books  4DonationChildren Section C000512Children SectionCagayan State University - Carig LibraryCS C512 J789

Cagayan State University University Library, Carig Campus
Tuguegarao City, Cagayan 3500 | www.csucarig.edu.ph

Powered by Koha